| 000 | 01061nam0a22002651 4500 | ||
|---|---|---|---|
| 001 | rc\333520 | ||
| 005 | 20030307122643.8 | ||
| 035 | _a(NLR Aleph) 005568702 | ||
| 090 |
_a5988776 _c5988776 |
||
| 100 | _a20030307d1989 u |0rusy50 ca | ||
| 101 | 0 | _arus | |
| 102 | _aRU | ||
| 105 | _aa ||||||||| | ||
| 200 | 1 |
_aРазработка методики и средств прецизионной формовки и контроля геометрии сверхпроводящего токонесущего элемента для импульсных диполей УНК _fЕ.Р. Борисов, А.Н. Сурков, Н.В. Таран |
|
| 210 |
_aСерпухов _cИФВЭ _d1989 |
||
| 215 |
_a12, [1] с. _cил. _d22 |
||
| 225 | 1 |
_aПрепринт _fИн-т физики высоких энергий _vИФВЭ ОУНК 89-23 |
|
| 700 | 1 |
_aБорисов _bЕ. Р. |
|
| 701 | 1 |
_aСурков _bА. Н. |
|
| 701 | 1 |
_aТаран _bН. В. |
|
| 801 | 0 |
_aRU _bNLR _gpsbo |
|
| 801 | 1 |
_aRU _bELAR _2rusmarc |
|
| 852 |
_aNLR _j88-6/7472 |
||
| 942 | _cBOOK | ||
| 980 | _aNB | ||